000 00582nam a2200181 a 4500
001 000017024
005 20241021092515.0
008 100316s2010 dr a 000 0 spa d
020 _a9789945460629
040 _aDO-SdBNP
_bspa
_cBNPHU
082 _axxx
_bS684e
100 1 _aSolano, Miguel,
_91543
245 1 0 _aExplorando la imaginación infantil =
_bExploring Children's imagination.
250 _a2da. ed.
260 _aSanto Domingo :
_bSantuario,
_c2010.
300 _a50 p. :
_bil. ;
_c23 cm.
534 _aVersión en inglés: Amy Harrison, Georgetown University, Washintog Dc
999 _c16550
_d16550